000 00664nam a2200217Ia 4500
001 17559
003 GE_BSU
008 181216s||||||||xx |||||||||||||| ||und||
040 _cGE_BSU
080 _a821.353.1-32
100 _aლეონიძე, გიორგი (1899-1966)
245 _aნატვრის ხე
245 _b[მოთხრობები]
245 _cრედ.:ც. ჩხაიძე;მხატვ.:ვ. ორბელაძე
260 _aთბილისი
260 _bნაკადული
260 _c1976
300 _a253გვ. ; 20სმ.
653 _aმოთხრობები
942 _cBK
999 _c50609
_d50609